<?xml version="1.0" encoding="UTF-8"?><?xml-stylesheet type="text/xsl" href="static/style.xsl"?><OAI-PMH xmlns="http://www.openarchives.org/OAI/2.0/" xmlns:xsi="http://www.w3.org/2001/XMLSchema-instance" xsi:schemaLocation="http://www.openarchives.org/OAI/2.0/ http://www.openarchives.org/OAI/2.0/OAI-PMH.xsd"><responseDate>2026-04-13T15:09:57Z</responseDate><request verb="GetRecord" identifier="oai:www.recercat.cat:11351/10350" metadataPrefix="marc">https://recercat.cat/oai/request</request><GetRecord><record><header><identifier>oai:recercat.cat:11351/10350</identifier><datestamp>2024-12-13T10:15:11Z</datestamp><setSpec>com_2072_378071</setSpec><setSpec>com_2072_378040</setSpec><setSpec>col_2072_378097</setSpec></header><metadata><record xmlns="http://www.loc.gov/MARC21/slim" xmlns:dcterms="http://purl.org/dc/terms/" xmlns:xsi="http://www.w3.org/2001/XMLSchema-instance" xmlns:doc="http://www.lyncode.com/xoai" xsi:schemaLocation="http://www.loc.gov/MARC21/slim http://www.loc.gov/standards/marcxml/schema/MARC21slim.xsd">
   <leader>00925njm 22002777a 4500</leader>
   <datafield ind2=" " ind1=" " tag="042">
      <subfield code="a">dc</subfield>
   </datafield>
   <datafield ind2=" " ind1=" " tag="720">
      <subfield code="a">Pijoan Bueno, Joan</subfield>
      <subfield code="e">author</subfield>
   </datafield>
   <datafield ind2=" " ind1=" " tag="720">
      <subfield code="a">Sevil-Mayayo, Raquel</subfield>
      <subfield code="e">author</subfield>
   </datafield>
   <datafield ind2=" " ind1=" " tag="720">
      <subfield code="a">Castellet Feliu, Enric</subfield>
      <subfield code="e">author</subfield>
   </datafield>
   <datafield ind2=" " ind1=" " tag="720">
      <subfield code="a">Moreira Borim, Felipe</subfield>
      <subfield code="e">author</subfield>
   </datafield>
   <datafield ind2=" " ind1=" " tag="720">
      <subfield code="a">Joshi Jubert, Nayana</subfield>
      <subfield code="e">author</subfield>
   </datafield>
   <datafield ind2=" " ind1=" " tag="720">
      <subfield code="a">Reverte-Vinaixa, Maria Mercedes</subfield>
      <subfield code="e">author</subfield>
   </datafield>
   <datafield ind2=" " ind1=" " tag="720">
      <subfield code="a">Portas Torres, Irene</subfield>
      <subfield code="e">author</subfield>
   </datafield>
   <datafield ind2=" " ind1=" " tag="720">
      <subfield code="a">Andrés Peiró, José Vicente</subfield>
      <subfield code="e">author</subfield>
   </datafield>
   <datafield ind2=" " ind1=" " tag="720">
      <subfield code="a">Minguell-Monyart, Joan</subfield>
      <subfield code="e">author</subfield>
   </datafield>
   <datafield ind2=" " ind1=" " tag="260">
      <subfield code="c">2023-09-26T10:16:01Z</subfield>
   </datafield>
   <datafield ind2=" " ind1=" " tag="260">
      <subfield code="c">2023-09-26T10:16:01Z</subfield>
   </datafield>
   <datafield ind2=" " ind1=" " tag="260">
      <subfield code="c">2023-10</subfield>
   </datafield>
   <datafield ind2=" " ind1=" " tag="520">
      <subfield code="a">Anterior cruciate ligament; Autografts; Tenodesis</subfield>
   </datafield>
   <datafield ind2=" " ind1=" " tag="520">
      <subfield code="a">Ligamento cruzado anterior; Autoinjertos; Tenodesis</subfield>
   </datafield>
   <datafield ind2=" " ind1=" " tag="520">
      <subfield code="a">Lligament creuat anterior; Autoempelts; Tenodesi</subfield>
   </datafield>
   <datafield ind2=" " ind1=" " tag="520">
      <subfield code="a">Background&#xd;
Most athletes who undergo revision of the anterior cruciate ligament reconstruction (ACLR) aim to return to their preinjury sport at a similar level of performance while minimizing the risk for reinjury. Additional lateral extra-articular tenodesis (LET) has recently been correlated with improved outcomes and low complication rate. Yet, there are few series evaluating return-to-sport (RTS) and clinical outcomes after revision ACLR using bone-patellar tendon-bone (BPTB) and LET in athletes.&#xd;
Methods&#xd;
The study cohort consisted of 19 eligible athletes who had undergone their first revision ACLR using BPTB and LET (modified Lemaire) between January 2019 and 2020. Patients were prospectively followed and interviewed in a sports activity survey during a 2-year follow-up.&#xd;
Results&#xd;
Despite all patients returning to sports after revision ACLR surgery, 52.6% resumed playing at their preinjury level. Furthermore, patient-reported functional outcomes improved significantly following revision surgery, as evidenced by improvements in IKDC [64.4 (± 12) to 87.8 (± 6)], Lysholm [71.27 (± 12) to 84.2 (± 9.7)], and SF-12 scales [Physical: 53.3 (± 3) 57 (± 1.2); Mental: 50.2 (± 3.3) to 52.7 (± 2.4)]. One case (5.3%) experienced persistent pain and underwent reoperation for a partial meniscectomy.&#xd;
Conclusion&#xd;
After revision ACLR using autologous BPTB and LET, all active individuals are expected to RTS, similar to primary ACLR. The difference comes down to returning to the preinjury level, where the levels are lower depending on the sport and initial level of play. Good mid-term functional outcomes with a low complication rate can be expected in most cases.</subfield>
   </datafield>
   <datafield ind2=" " ind1=" " tag="520">
      <subfield code="a">Open Access Funding provided by Universitat Autonoma de Barcelona. This work was carried out as part of the Doctorate in Surgery and Morphological Sciences of the Autonomous University of Barcelona. The “Post-FSE Carles Margarit” grant was awarded by the VHIR—Vall d'Hebron Institut de Investigación to one of the authors (FMB).</subfield>
   </datafield>
   <datafield ind1="8" ind2=" " tag="024">
      <subfield code="a">http://hdl.handle.net/11351/10350</subfield>
   </datafield>
   <datafield tag="653" ind2=" " ind1=" ">
      <subfield code="a">Esports</subfield>
   </datafield>
   <datafield tag="653" ind2=" " ind1=" ">
      <subfield code="a">Artroplàstia</subfield>
   </datafield>
   <datafield tag="653" ind2=" " ind1=" ">
      <subfield code="a">Genolls - Cirurgia</subfield>
   </datafield>
   <datafield tag="653" ind2=" " ind1=" ">
      <subfield code="a">Lligament encreuat anterior</subfield>
   </datafield>
   <datafield tag="653" ind2=" " ind1=" ">
      <subfield code="a">ANALYTICAL, DIAGNOSTIC AND THERAPEUTIC TECHNIQUES, AND EQUIPMENT::Surgical Procedures, Operative::Orthopedic Procedures::Arthroplasty::Anterior Cruciate Ligament Reconstruction</subfield>
   </datafield>
   <datafield tag="653" ind2=" " ind1=" ">
      <subfield code="a">ANALYTICAL, DIAGNOSTIC AND THERAPEUTIC TECHNIQUES, AND EQUIPMENT::Surgical Procedures, Operative::Surgical Procedures, Operative::Wound Closure Techniques::Suture Techniques::Tenodesis</subfield>
   </datafield>
   <datafield tag="653" ind2=" " ind1=" ">
      <subfield code="a">ANATOMY::Musculoskeletal System::Ligaments::Ligaments, Articular::Patellar Ligament</subfield>
   </datafield>
   <datafield tag="653" ind2=" " ind1=" ">
      <subfield code="a">ANTHROPOLOGY, EDUCATION, SOCIOLOGY, AND SOCIAL PHENOMENA::Human Activities::Leisure Activities::Recreation::Sports::Return to Sport</subfield>
   </datafield>
   <datafield tag="653" ind2=" " ind1=" ">
      <subfield code="a">TÉCNICAS Y EQUIPOS ANALÍTICOS, DIAGNÓSTICOS Y TERAPÉUTICOS::intervenciones quirúrgicas::procedimientos ortopédicos::artroplastia::reconstrucción del ligamento cruzado anterior</subfield>
   </datafield>
   <datafield tag="653" ind2=" " ind1=" ">
      <subfield code="a">TÉCNICAS Y EQUIPOS ANALÍTICOS, DIAGNÓSTICOS Y TERAPÉUTICOS::intervenciones quirúrgicas::intervenciones quirúrgicas::técnicas de cierre de heridas::técnicas de sutura::tenodesis</subfield>
   </datafield>
   <datafield tag="653" ind2=" " ind1=" ">
      <subfield code="a">ANATOMÍA::sistema musculoesquelético::ligamentos::ligamentos articulares::ligamento rotuliano</subfield>
   </datafield>
   <datafield tag="653" ind2=" " ind1=" ">
      <subfield code="a">ANTROPOLOGÍA, EDUCACIÓN, SOCIOLOGÍA Y FENÓMENOS SOCIALES::actividades humanas::actividades de ocio::recreo::deportes::vuelta al deporte</subfield>
   </datafield>
   <datafield ind2="0" ind1="0" tag="245">
      <subfield code="a">Good rates of return-to-sport in athletes after revision anterior cruciate ligament reconstruction using autologous patellar tendon and lateral extra-articular tenodesis: a 2-year follow-up prospective study</subfield>
   </datafield>
</record></metadata></record></GetRecord></OAI-PMH>